| 000 | 00453nam a2200181Ia 4500 | ||
|---|---|---|---|
| 001 | 4619 | ||
| 005 | 20260306145809.0 | ||
| 008 | 260306t1988||||xx |||||||||||||| ||spa|| | ||
| 041 | _aESP | ||
| 082 |
_a327.85 _bB114 |
||
| 100 |
_aBákula, Juan Miguel _eAUT |
||
| 245 | 0 | _aLa política internacional entre el Perú y Colombia | |
| 260 | _c1988 | ||
| 300 |
_axx, 415 páginas : _c22 cm. |
||
| 650 | _aGEN | ||
| 654 | _aCHU | ||
| 942 |
_cLIB _dJUS _fJUS _2ddc _n |
||
| 999 |
_c4619 _d4619 |
||